Solución de problemas en ingeniería con MATLAB / Marco Antonio Montufar Benítez, Joselito Medina Marín (Registro nro. 27431)
[ vista simple ]
| 000 -LÍDER | |
|---|---|
| fixed length control field | 00603nam a2200169 4500 |
| 020 ## - NÚMERO INTERNACIONAL NORMALIZADO PARA LIBROS | |
| ISBN | 978-970-817-085-7 |
| 050 ## - SIGNATURA TOPOGRAFICA DE LA BIBLIOTECA DEL CONGRESO (LC) | |
| Número de Clasificación | TA345 M65 2007 |
| 082 ## - NUMERO DE CLASIFICACION DECIMAL DEWEY | |
| Número de Clasificación | 519.4 M757s 2007 |
| 100 ## - ASIENTO PRINCIPAL--NOMBRE PERSONAL | |
| Nombre personal | Montufar Benítez, Marco Antonio |
| 245 ## - TÍTULO | |
| Título | Solución de problemas en ingeniería con MATLAB / Marco Antonio Montufar Benítez, Joselito Medina Marín |
| 250 ## - MENCIÓN DE EDICIÓN | |
| Mención de edición | 1 |
| 260 ## - PUBLICACIÓN, DISTRIBUCIÓN, ETC. (PIE DE IMPRENTA) | |
| Lugar de publicación, distribución, etc. | México: Patria |
| 300 ## - DESCRIPCIÓN FÍSICA | |
| Extensión | viii, 136 p. / 28 cm. |
| 500 ## - NOTA GENERAL | |
| Nota general | Incluye: Cd-Rom. |
| 650 ## - ASIENTO SECUNDARIO DE MATERIA - TERMINO TEMÁTICO | |
| Término temático o nombre geográfico como elemento de entrada | 1. MATEMÁTICAS EN INGENIERÍA-PROCESAMIENTO DE DATOS / 2. MATLAB ARCHIVO DE COMPUTADORA |
| 700 ## - ASIENTO SECUNDARIO - NOMBRE PERSONAL | |
| Nombre personal | I. Medina, Marín, Joselito, Coaut. |
| No. biblioteca | No. biblioteca | Número de clasificación | Código de barras/Número de adquisición | Número de copia | Tipo de material |
|---|---|---|---|---|---|
| ÁREA DE SISTEMAS COMPUTACIONALES | LUIS G. INCLAN | 519.4 M757s 2007 | 52158 | 1 | Libros |
| ÁREA DE BÁSICAS | LUIS G. INCLAN | 519.4 M757s 2007 | 52645 | 4 | Libros |
| ÁREA DE SISTEMAS COMPUTACIONALES | ÁREA DE SISTEMAS COMPUTACIONALES | 519.4 M757s 2007 | 52159 | 2 | Libros |
| ÁREA DE SISTEMAS COMPUTACIONALES | ÁREA DE SISTEMAS COMPUTACIONALES | 519.4 M757s 2007 | 52160 | 3 | Libros |
